000 00397 a2200169 4500
001 72704
020 _a8508088140
040 _cAnchieta - Colégio São Paulo
100 _aAndrade, Carlos Drummond de
240 1 0 _aDeixa que eu conto
_lpor
245 1 0 _aDeixa que eu conto
300 _a79 [1p.]
362 0 _a2005
440 1 _aÁtica
650 4 _aLiteratura infanto-juvenil
942 _cBK
999 _c72704
_d72704